|
|
|
|
| LEADER |
00000nab a2200000 a 4500 |
| 001 |
vtls010611149 |
| 003 |
SK-MaSNL |
| 005 |
20260304185135.0 |
| 008 |
250708 2013 xo 000 0 slo |
| 015 |
|
|
|a SNBRB2014/07
|2 lmaosk
|
| 035 |
|
|
|a (uuid)329713d2-9d75-46e6-922b-aed5d2fc92dc
|
| 035 |
|
|
|a urn:nbn:sk:snk-ababnw
|
| 035 |
|
|
|a (urnnbn)urn:nbn:sk:snk:ar-a0ak92
|
| 040 |
|
|
|a SNKBUCL
|b slo
|c SNKBUCL
|e AACR2
|
| 041 |
0 |
|
|a eng
|
| 044 |
|
|
|a xo
|c SK
|
| 080 |
|
|
|a 623.438
|2 2001
|
| 080 |
|
|
|a 621.313.12
|2 2001
|
| 080 |
|
|
|a (046)
|2 2001
|
| 100 |
1 |
|
|a Ferencey, Viktor,
|d 1946-
|4 aut
|9 215598
|
| 245 |
1 |
0 |
|a Modeling and aplication of the electric generator drive through a vehicle microturbine for military system
|c Viktor Ferencey, Juraj Madarás, Martin Bugár
|
| 300 |
|
|
|b Grafy, obr., schémy
|
| 500 |
|
|
|a Biogr. údaje
|
| 504 |
|
|
|a Bibliogr. odkazy
|
| 650 |
0 |
7 |
|a obrnené vozidlá
|2 SNKPH
|9 73553
|
| 650 |
0 |
7 |
|a elektrické generátory
|2 SNKPH
|9 81741
|
| 650 |
0 |
7 |
|a mikroturbíny
|2 LMAOSK
|9 1201261
|
| 650 |
0 |
7 |
|a spaľovacie mikroturbíny
|2 LMAOSK
|9 1519387
|
| 655 |
|
7 |
|a články
|2 SNKPH
|9 70601
|
| 700 |
1 |
|
|a Madarás, Juraj,
|d 1986-
|4 aut
|9 159224
|
| 700 |
1 |
|
|a Bugár, Martin,
|d 1986-
|4 aut
|9 156163
|
| 773 |
0 |
|
|t Science & Military
|g Roč. 8, č. 2 (2013), s. 32-39
|x 1336-8885
|
| 850 |
|
|
|a Slovenská národná knižnica
|
| 852 |
|
|
|a Slovenská národná knižnica
|
| 856 |
4 |
1 |
|u http://search.proquest.com/pqcentral/docview/1528527935/DA9787A688E841DEPQ/8?accountid=58905
|
| 958 |
|
|
|a article14
|
| 958 |
|
|
|a NB
|
| 958 |
|
|
|a OND
|
| 958 |
|
|
|a EUIPO
|
| 999 |
|
|
|c 3041613
|d 3043543
|